Letra de Una Diva - Melody - Estadísticas

Estadísticas generales
  • Esta prueba ha sido intentada 53 veces
  • La puntuación promedio es 202 de 320
Estadísticas de respuestas
Respuesta % Correcto
diva
98%
Diva
98%
un
95%
a
91%
de
88%
es
88%
Es
88%
Su
86%
su
86%
que
84%
Qué
84%
una
84%
Una
84%
la
81%
La
81%
valiente
81%
se
77%
si
77%
vida
74%
Y
74%
y
74%
más
72%
no
72%
No
72%
el
70%
para
70%
sin
70%
bien
67%
Desde
67%
desde
67%
era
67%
pequeña
67%
brillar
65%
como
65%
ella
65%
en
65%
le
65%
nadie
65%
pisa
63%
andar
60%
antes
60%
con
60%
Con
60%
del
60%
hace
60%
los
60%
mi
60%
sencilla
60%
grande
58%
pez
58%
saber
58%
simple
58%
da
56%
huracán
56%
libre
56%
mar
56%
mortal
56%
Mortal
56%
o
56%
voz
56%
Voz
56%
cantando
53%
camerino
51%
embrujó
51%
fuerza
51%
normal
51%
supuesta
51%
pertenecía
49%
por
49%
tan
49%
demás
47%
descubrí
47%
eco
47%
Pero
47%
suprema
47%
teatro
47%
bailando
44%
despreciando
44%
yo
44%
artista
40%
dinero
40%
madre
40%
tambien
40%
cartel
37%
divas
37%
ellas
37%
esa
37%
Esa
37%
madruga
37%
Resurge
37%
son
37%
Ya
37%
fortuna
35%
soy
35%
bandera
33%
igualdad
33%
única
33%
música
30%
ilusión
28%
tu
26%
fama
23%
grandeza
23%
Oh
21%
oh
21%
verán
21%
ser
5%
estrella
2%
luna
2%
abrazan
0%
Aprendí
0%
balcón
0%
condición
0%
glamurosa
0%
humildad
0%
importa
0%
misma
0%
presume
0%
vanidosa
0%
No se encontraron pruebas coincidentes
Distribución de puntuación
Porcentaje de gente con cada puntuación
Porcentaje por número respondido
Historial de tus puntuaciones
No has intentado esta prueba.